000 01801nam0a2200325 4500
001 RU\NLR\BIBL_A\012244243
005 20260408090810.0
010 _d1 р. 22 к.
_91200
021 _aRU
_b62-9218
035 _a(NLR Aleph) 012244243
090 _a11048458
_c11048458
100 _a20130416d1961 |||y0rusy50 ca
101 0 _arus
102 _aRU
105 _aa z 1||||
200 1 _aЗа создание Единой энергетической системы
_e(материалы семинара)
_fМ-во строительства электростанций СССР. Техн. упр., Всесоюз. ин-т по проектированию организации энергет. строительства "Оргэнергострой". Моск. филиал
_g[ред. инженер Б.М. Лахтин]
210 _aМосква
_d1961
215 _a103 с., 1 л. черт.
_cил.
_d22
225 1 _a[Из опыта энергетического строительства]
606 1 _aЭнергетические системы
_jСъезды, совещания и т.п.
_xЕдиная высоковольтная сеть
_yСССР
_91319771
_3RU\NLR\AUTH\66232250
686 1 _aз27г(2)
702 1 _aЛахтин
_bБ. М.
_gБорис Михайлович
_4340
711 1 2 _a"За создание единой энергетической системы", семинар
_eМосква
_f1961
_9701065
_3RU\NLR\AUTH\880520141
712 0 2 _4475
_a"Оргэнергострой", институт
_cКуйбышев
_bМосковский филиал
_3RU\NLR\AUTH\8810229380
_9343613
801 0 _aRU
_bNLR
_gpsbo
801 1 _aRU
_bELAR
_2rusmarc
852 _aNLR
_j62-5/1110
942 _cBOOK
980 _aNB